000 00631nam a2200241 i 4500
001 C2-0274777
003 PPAK
005 20180728003730.0
008 061004s2006 my |||| ||||| | may d
020 _a9833669050
040 _aPPAK
_beng
_cPPAK
_erda
082 0 4 _a899.233
_223
090 0 0 _a899.233
_bSHA
_dG
100 0 _aShahriah Abdullah,
_eauthor
245 1 0 _aKau mawarku
264 1 _aPetaling Jaya, Selangor :
_bBuku Prima ,
_c2006
300 _a316 pages ;
_c19 cm
336 _2rdacontent
_atext
337 _2rdamedia
_aunmediated
338 _2rdacarrier
_avolume
650 1 0 _aMalay fiction.
942 _ddc
_cB
999 _c82510
_d82510